| 000 | 02692nam0a2200397 4500 | ||
|---|---|---|---|
| 001 | RU\NLR\BIBL_A\022559203 | ||
| 005 | 20250826151900.0 | ||
| 010 |
_a978-5-00207-780-9 _9100 |
||
| 021 |
_aRU _bКН-П-25-022655 _9КН-П-25-2284 |
||
| 035 | _a(NLR Aleph) 022559203 | ||
| 090 |
_a13674408 _c13674408 |
||
| 100 | _a20250604d2024 k y0rusy50 ca | ||
| 101 | 0 | _arus | |
| 102 | _aRU | ||
| 105 | _aac z 000zy | ||
| 181 | 0 |
_ai3 _baxxe |
|
| 182 | 0 | _an | |
| 200 | 1 |
_aФлора и растительность родников Национального парка "Хвалынский" _eнаучная монография _fО. В. Седова, Г. Ф. Сулейманова, М. В. Лаврентьев _gпод редакцией доктора биологических наук В. А. Болдырева и кандидата сельскохозяйственных наук В. А. Савинова _gМинистерство природных ресурсов и экологии Российской Федерации, ФГБУ "Национальный парк "Хвалынский", Министерство науки и высшего образования Российской Федерации, ФГБОУ ВО "СГУ имени Н. Г. Чернышевского" |
|
| 203 |
_aТекст _bвизуальный _cнепосредственный |
||
| 210 |
_aСаратов _cАмирит _d2024 |
||
| 215 |
_a84, [1] c. _cил., цв. ил., портр. _d21 |
||
| 300 | _aНа с. 84 авт.: Седова Оксана Владимировна - канд. биол. наук, Сулейманова Гузялия Фаттяховна - канд. биол. наук, Лаврентьев Михаил Васильевич - канд. биол. наук | ||
| 320 | _aБиблиогр.: с. 74-83 (98 назв.) | ||
| 601 | 0 | 2 |
_a"Хвалынский", национальный парк _xБотанические исследования _2nlr_sh2 _3RU\NLR\AUTH\661505732 |
| 606 | 1 |
_aВодные растения _yСаратовская область _2nlr_sh2 _3RU\NLR\AUTH\6601702838 |
|
| 686 | 1 | _aЕ082.35(2Р354-4Са) | |
| 686 | 1 | _aБ12(2)"Хвалынский" | |
| 700 | 1 |
_aСедова _bО. В. _gОксана Владимировна |
|
| 701 | 1 |
_aСулейманова _bГ. Ф. _gГузялия Фаттяховна |
|
| 701 | 1 |
_aЛаврентьев _bМ. В. _gМихаил Васильевич |
|
| 712 | 0 | 2 |
_a"Хвалынский", национальный парк _3RU\NLR\AUTH\8810099373 _4570 |
| 942 | _cBOOK | ||
| 980 | _aNB | ||